000 00444nam a2200169 a 4500
001 0000-9238
003 ELIB.Books
008 110520 1983
035 _a(ELIB.Books)0000-9390
082 _a651
_bEck
100 _aEckersley-Johnson, Annal
245 _aWebster's Secretarial Handbook
260 _bMassachusetts: Merriam-Webster Inc.
_c1983
650 _aReference
942 _2ddc
_cBK
998 _cbat
_e2011-05-20
999 _c9238
_d9238